00457nam a22001577a 450000500170000001000170001702000270003403500170006103700150007808200120009310000180010524500490012326000360017227000540020830000370026220180420140819.0 aB-691487-488 c1100.00a9789382209058 aB-691487-488 bR.K.Books  a330.954 aSharma, T. C. aEconomic geography of India /cby T C Sharma aDelhibRawat Publicationsc2017 a23, Ansari Road, Darya Gnaj, bNew Delhi e110002 axv, 742 pages : mapsc 25 cm(Hb)